000 02253cam a2200277 i 4500
008 190423s2021 paua b 001 0 eng
020 _a9780323608701 (hardcover)
050 0 0 _aRG524
_b.O3 2021
245 0 0 _aGabbe's obstetrics :
_bnormal and problem pregnancies /
_cMark B. Landon, MD (Richard L. Meiling Professor and Chair, Department of Obstetrics and Gynecology, the Ohio State University College of Medicine, Columbus, Ohio), Henry L. Galan, MD (Professor, Department of Obstetrics and Gynecology, University of Colorado School of Medicine, Aurora, Colorado), Eric R.M. Jauniaux, MD, PhD, FRCOG (Professor in Obstetrics & Fetal Medicine, Institute for Women's Health, University College London, London, United Kingdom), Deborah A. Driscoll, MD (Luigi Mastroianni Jr Professor of Obstetrics and Gynecology, Senior Vice President, Clinical Practices of the University of Pennsylvania, Vice Dean for Professional Services, University of Pennsylvania Perelman School of Medicine, Philadelphia, Pennsylvania), Vincenzo Berghella, MD (Director, Maternal-Fetal Medicine, Professor of Obstetrics and Gynecology, Sidney Kimmel Medical College of Thomas Jefferson University, Philadelphia, Pennsylvania), William A. Grobman, MD, MBA (Professor, Department of Obstetrics and Gynecology, Northwestern University, Chicago, Illinois), Sarah J. Kilpatrick, MD, PhD (Chair, Department of Obstetrics and Gynecology, Helping Hand of Los Angeles Endowed Chair, Associate Dean for Faculty Development and Diversity, Cedars-Sinai Medical Center, Los Angeles, California), Alison G. Cahill, MD, MSCI (Professor, Department of Women's Health, University of Texas at Austin, Dell Medical School, Austin, Texas).
250 _a8th edition.
260 _aPhiladelpia
_bElsevier Ltd
_c2021
300 _axvii, 1257 pages :
_billustrations (chiefly color) ;
650 0 _aObstetrics.
650 0 _aPregnancy.
650 0 _aChildbirth.
650 0 _aPregnancy
_xComplications.
700 1 _aLandon, Mark B.,
700 1 _aGalan, Henry L.,
700 1 _aJauniaux, E.,
700 1 _aDriscoll, Deborah A.,
700 1 _aBerghella, Vincenzo,
700 1 _aGrobman, William A.,
700 1 _aKilpatrick, Sarah Jestin,
700 1 _aCahill, Alison G.,
942 _cBK
999 _c2622
_d2622